| 000 | 00652cam a22002293a 4500 | ||
|---|---|---|---|
| 001 | 39841 | ||
| 003 | PGUSA | ||
| 005 | 20140828083904.0 | ||
| 008 | 120529s2012||||xxu|||||s|||||000 | eng d | ||
| 040 |
_aPGUSA _beng |
||
| 042 | _adc | ||
| 050 | 4 | _aPM | |
| 245 | 1 | 4 |
_aThe Esperantist, Vol. 2, No. 2 _h[electronic resource] |
| 260 |
_bProject Gutenberg, _c2012 |
||
| 506 | _aPublic domain in the USA. | ||
| 516 | _aElectronic text | ||
| 653 | _aEsperanto -- Periodicals | ||
| 700 | 1 |
_aMudie, H. Bolingbroke _q(Harold Bolingbroke), _d1880-1916 |
|
| 830 | 0 |
_aProject Gutenberg _v39841 |
|
| 856 | 4 | 0 | _uhttp://www.gutenberg.org/ebooks/39841 |
| 942 | _cEB | ||
| 999 |
_c269094 _d269094 |
||